|
|
|
|
| LEADER |
00000nam a2200000 a 4500 |
| 005 |
20131129130454.0 |
| 007 |
cr|||| |||| |
| 008 |
130602s2012||||sp || | |||| 000 0 spa c |
| 017 |
|
|
|a DL M. 42123-2012
|
| 020 |
|
|
|a 9788490312971
|
| 035 |
|
|
|a 11661
|
| 040 |
|
|
|a vLex
|
| 090 |
|
|
|c 4611
|d 4611
|
| 245 |
0 |
0 |
|a Principales aspectos de la economa̕ energťica espaǫla
|h [Recurso electrn̤ico] :
|b curso de verano en La Granda, agosto de 2011 /
|c Juan Velarde Fuertes (coordinador)
|
| 256 |
|
|
|a Servicio en ln̕ea
|
| 260 |
|
|
|a Madrid :
|b Dykinson ;
|c DL. 2012
|
| 300 |
|
|
|a 1 recurso electrn̤ico
|
| 506 |
1 |
|
|a Contenido solo disponible en los productos indicados
|d vLex Global
|d vLex Global (Academic Edition, excluding Law Schools)
|d vLex Global (U.S. Academic Edition, Law Schools)
|d vLex Global (U.S. Academic Edition, excluding Law Schools)
|d vLex Global (Academic Edition, Law Schools)
|
| 650 |
0 |
4 |
|a Industria energetica
|z Espaą
|
| 650 |
0 |
4 |
|a Recursos energťicos
|
| 700 |
1 |
|
|a Velarde Fuertes, Juan
|d 1927-
|
| 740 |
0 |
|
|a vLex Libros (Servicio en ln̕ea)
|
| 856 |
4 |
0 |
|u http://vlex.com/source/principales-aspectos-economia-energetica-espa-ola-11661
|z Acceso restringido
|
| 942 |
|
|
|c BOOK
|
| 999 |
0 |
|
|a Power resources
|